FIFA World Cup - Trivia - Statistics

General Stats
  • This quiz has been taken 34 times
  • The average score is 11 of 18
Answer Stats
Question Answer % Correct
In which city did the "Goal of the Century" and "Hand of God" take place? Mexico City
91%
What is the biggest victory in the history of the competition? 10-1
73%
Before which World Cup was the winner's trophy stolen until it was found by a dog named Pickles? 1966
73%
In which Mundial was the defending champion NOT eliminated in the group stage? 1998
73%
National teams from which continent did not participate in the inaugural World Cup? Asia
73%
When was the last time a national team won the World Cup with a foreign manager on the bench? It never happened
73%
Who was the top scorer of the 2014 World Cup? James Rodriguez
73%
Who was NOT part of the Italian team that won the World Cup in 2006? Paolo Maldini
73%
What record did Hakan Şükür set in 2002? The fastest goal scored in the history of the competition
73%
In what way did Zinedine Zidane score both of his goals in the 1998 WC final? Headers from corner kicks
64%
What is the record for the number of goals scored by one player in a single World Cup? 13
55%
How many World Cup medals has Croatia won? 3
55%
Which player, besides Mbappe, scored a hat trick in the final of the World Cup? Geoff Hurst
55%
Which national team scored the most goals in a single tournament? Hungary (1954)
55%
Who has never played in a World Cup? Eric Cantona
45%
Who has never participated in the World Cup? Libya
45%
Which of the following Brazilians won the FIFA Golden Ball for the best player of the tournament? Romario
45%
How was the winner determined after a 1-1 draw in the 1934 quarterfinals between Italy and Spain By replaying the game
0%
No matching quizzes found
Score Distribution
Percent of People with Each Score
Percentile by Number Answered
Your Score History
You have not taken this quiz